00586nam a2200169 i 450000100060000000300090000600500170001500700030003200800410003510000310007624500490010726000660015630000360022285200210025899900170027995201200029633629ES-MaACL20230906154807.0t|030203s1933 xxk ||||1| eng d1 aBirkhoff, George D.92897510aAesthetie measure / cby George D. Birkhoff. aCambridge, Masachusetts : bHarvard University Press, c1933. aXIII, 225 p. : bil. ; c29 cm. aES-MaACLjA-2015 c33629d33629 00104070aATENEOMbATENEOMcSPP1d2008-01-17eSCl0oA-2015p1035000r2023-02-23 00:00:00w2023-02-23yMONOGRAFIA